Conversion of traditional farm buildings (Record no. 105992)

MARC details
000 -LEADER
fixed length control field 01382cam a2200253 4500
001 - CONTROL NUMBER
control field ##L135303
008 - FIXED-LENGTH DATA ELEMENTS--GENERAL INFORMATION
fixed length control field 061011n2006 000 0 eng u
035 ## - SYSTEM CONTROL NUMBER
System control number (Sirsi) u135303
041 0# - LANGUAGE CODE
Language code of text/sound track or separate title eng
050 04 - LIBRARY OF CONGRESS CALL NUMBER
Classification number 631.2 $2 18
100 1# - MAIN ENTRY--PERSONAL NAME
Personal name Pickles, David
245 00 - TITLE STATEMENT
Title Conversion of traditional farm buildings
Remainder of title a guide to good practice
260 ## - PUBLICATION, DISTRIBUTION, ETC.
Place of publication, distribution, etc. [S.l.]
Name of publisher, distributor, etc. English Heritage
Date of publication, distribution, etc. 2006
505 1# - FORMATTED CONTENTS NOTE
Formatted contents note Character of farm buildings and their context -- Adapting and repairing traditional farm buildings -- Authorisation of works -- Summary of good practice for the conversion of traditional farm buildings -- A guide to understanding traditional farm buildings and their capacity for change
520 ## - SUMMARY, ETC.
Summary, etc. Provides technical and design guidance so that traditional farm buildings capable of conversion can be repaired and adapted for new uses in a sensitive way, while maintaining their character, significance and landscape setting.
590 ## - LOCAL NOTE (RLIN)
Local note IKA171006
651 #4 - SUBJECT ADDED ENTRY--GEOGRAPHIC NAME
Geographic name England
Chronological subdivision 886-
690 ## - LOCAL SUBJECT ADDED ENTRY--TOPICAL TERM (OCLC, RLIN)
Topical term or geographic name as entry element BUILT ENVIRONMENT-BUILDING MAINTENANCE AND REFURBISHMENT-BUILDING ADAPTATION
690 ## - LOCAL SUBJECT ADDED ENTRY--TOPICAL TERM (OCLC, RLIN)
Topical term or geographic name as entry element PROPERTY-RURAL AND NATURAL ASSETS-AGRICULTURAL PROPERTY
700 1# - ADDED ENTRY--PERSONAL NAME
Personal name Lake, Jeremy
710 1# - ADDED ENTRY--CORPORATE NAME
Corporate name or jurisdiction name as entry element English Heritage
Subordinate unit Historical Environment Local Management
9 (RLIN) 5068
856 40 - ELECTRONIC LOCATION AND ACCESS
Uniform Resource Identifier <a href="https://www.helm.org.uk/server/show/nav.10600">https://www.helm.org.uk/server/show/nav.10600</a>
Public note View the item free of charge at www.helm.org.uk...
942 ## - ADDED ENTRY ELEMENTS (KOHA)
Suppress in OPAC 0
Holdings
Withdrawn status Lost status Source of classification or shelving scheme Damaged status Not for loan Home library Current library Shelving location Date acquired Total Checkouts Full call number Barcode Date last seen Copy number Price effective from Koha item type
    Dewey Decimal Classification     Virtual Virtual Online 11/10/2006   ONLINE PUBLICATION 135303-2001 06/08/2019 1 06/08/2019 Book